Giáo trình bảo trì và quản lí phòng máy tính

Guardado en:
Detalles Bibliográficos
Autor principal: Phạm, Thanh Liêm
Formato: Libro
Lenguaje:Undetermined
Publicado: Hà Nội Giáo dục 2004
Materias:
Etiquetas: Agregar Etiqueta
Sin Etiquetas, Sea el primero en etiquetar este registro!
Thư viện lưu trữ: Trung tâm Học liệu Trường Đại học Cần Thơ
LEADER 00550nam a2200193Ia 4500
001 CTU_64037
008 210402s9999 xx 000 0 und d
020 |c 11500 
082 |a 621.39 
082 |b L304 
100 |a Phạm, Thanh Liêm 
245 0 |a Giáo trình bảo trì và quản lí phòng máy tính 
245 0 |c Phạm Thanh Liêm 
260 |a Hà Nội 
260 |b Giáo dục 
260 |c 2004 
650 |a Computer engineering 
904 |i Trọng Hải 
980 |a Trung tâm Học liệu Trường Đại học Cần Thơ